000 02670nam a2200625 i 4500
001 xx005113669
003 NUKAT
005 20260410220402.0
008 210416s1938 pl |001 0 pol c
035 _a(OCoLC)830192678
035 _a(NUKAT)xx005113669
040 _aWA 392/MD
_bpol
_erda
_cWA 392/MD
_dWA 392/TB
100 1 _aPiłsudski, Józef
_d(1867-1935).
_eAutor
_913197
245 1 0 _aPisma zbiorowe :
_bwydanie prac dotychczas drukiem ogłoszonych.
_nT. 10,
_pSkorowidze i uzupełnienia /
_cJózef Piłsudski ; tom niniejszy opracował Henryk Wereszycki ; okładkę projektował Tadeusz Gronowski.
246 1 8 _aPisma zbiorowe Józefa Piłsudskiego
246 3 0 _aSkorowidze i uzupełnienia
260 _aWarszawa :
_bInstytut Józefa Piłsudskiego Poświęcony Badaniu Najnowszej Historii Polski,
_c1938
_e(Kraków :
_fdruk W. L. Anczyca i Spółki).
300 _a[4], 209, [2] strony :
_berrata ;
_c23 cm.
336 _aTekst
_btxt
_2rdacontent
337 _aBez urządzenia pośredniczącego
_bn
_2rdamedia
338 _aWolumin
_bnc
_2rdacarrier
380 _aKsiążki
380 _aLiteratura faktu, eseje, publicystyka
380 _aProza
386 _mPrzynależność kulturowa
_aLiteratura polska
388 1 _a1801-1900
388 1 _a1901-2000
388 1 _a1918-1939
500 _aErrata obejmuje wszystkie tomy.
504 _aIndeksy.
600 1 7 _aPiłsudski, Józef
_d(1867-1935)
_xmyśl polityczna i społeczna.
_2kaba
_939494
600 1 7 _aPiłsudski, Józef
_d(1867-1935)
_xzbiory dokumentalne.
_2kaba
_939843
648 7 _a1801-1900
_2DBN
_936037
648 7 _a1901-2000
_2DBN
_934996
648 7 _a1918-1939
_2DBN
_936041
650 7 _aPolityka
_2DBN
_935231
650 7 _aIdee polityczne
_zPolska
_y1900-1945.
_2kaba
_933151
650 7 _aIndeksy.
_2kaba
_939845
651 7 _aGalicja (kraina historyczna)
_2DBN
_935236
651 7 _aPolska
_2DBN
_935076
651 7 _aZabór pruski
_2DBN
_935237
651 7 _aZabór rosyjski
_2DBN
_935238
651 7 _aPolska
_y1918-1939 (II Rzeczpospolita).
_2kaba
_91394
651 4 _aPolska
_y1900-1945.
_2kaba
_98139
655 7 _aIndeksy
_2DBN
_939283
655 7 _aMowy
_2DBN
_936872
655 7 _aPublicystyka
_2DBN
_935056
655 7 _aAforyzmy polskie
_y1900-1945.
_2kaba
_939846
658 _aPolityka, politologia, administracja publiczna
700 1 _aWereszycki, Henryk
_d(1898-1990).
_eRedakcja
_915663
700 1 _aGronowski, Tadeusz
_d(1894-1990).
_eProjekt graficzny
_939496
710 2 _aInstytut Józefa Piłsudskiego Poświęcony Badaniu Najnowszej Historii Polski (1936-1939).
_eWydawca
_4pbl
_97498
710 2 _aW. L. Anczyc i Spółka.
_eDruk
_4prt
_94292
942 _2ddc
_cBK_NM
999 _c27522
_d27522